| 000 | 00415nam a22001577a 4500 | ||
|---|---|---|---|
| 999 |
_c17568 _d17568 |
||
| 003 | OSt | ||
| 005 | 20221109153149.0 | ||
| 008 | 221108b ||||| |||| 00| 0 eng d | ||
| 040 | _c0 | ||
| 100 |
_aSantos, Jel. _926601 |
||
| 245 | _aMakati leads in Metro polio vaccination / | ||
| 260 |
_aPhilippines ; _cNovember 4, 2019. _b Manila Bulletin, |
||
| 300 | _apage 3. | ||
| 650 |
_aHealth. _946688 |
||
| 942 |
_2ddc _cPER |
||